| 000 | 00837cam a2200265 i 4500 | ||
|---|---|---|---|
| 999 |
_c55476 _d55476 |
||
| 001 | 55476 | ||
| 003 | Mx-PuUPA | ||
| 005 | 20221206091424.0 | ||
| 008 | 140415s1981 sp a r 000 0 spa d | ||
| 020 | _a8427605617 | ||
| 040 |
_aMx-PuUPA _bspa _cMx-PuUPA _dMx-PuUPA _erda |
||
| 041 | 0 | _aspa | |
| 100 | 1 |
_aMartínez Llopis, M., _eautor _98690 |
|
| 245 | 1 | 0 |
_aHistoria de la gastronomía española / _cManual Martínez Llopis |
| 264 | 4 |
_aMadrid : _bEditora Nacional, _c1981 |
|
| 300 |
_axxi, 473 páginas : _bilustraciones ; _c27 cm. |
||
| 336 |
_atexto _2rdacontent _btxt |
||
| 337 |
_asin medio _2rdamedia _bn |
||
| 338 |
_avolumen _2rdacarrier _bnc |
||
| 650 | 4 |
_aGastronomía _xHistoria |
|
| 650 | 4 | _aGastronomía española | |
| 942 |
_2ddc _cLI _h641.50946 _iM298 |
||